00362nam a2200133 4500001000700000003000900007007000300016008004100019100002000060245006200080260003800142300002700180852002100207148394ES-MaACLt|070214s1931 gw r ||||1| ger d1 aStrasser, Vera.10aDie Denkmethoden und ihre Gefahren / cvon Vera Strasser. aLeipzig : bGeorg Thieme, c1931. a526 p. ; c26 x 17 cm. aES-MaACLjE-1671